000 00469nam a2200181Ia 4500
008 131103s9999 xx 000 0 und d
040 _aLoreto College
041 _aEnglish
082 _a823.91/CHR
_bLCBED/6289
100 _aChristie, Agatha
245 4 _aThe big four
_cAgatha Christie
260 _aLondon
_bFontana
_c1978
300 _a159p.
_c 18cm.
650 _aEnglish fiction
651 _aEnglish literature
850 _aLCBED/823.91/CHR
942 _cBK
999 _c32071
_d82550